Statistics for [路線図付き] 箱根登山鉄道 箱根登山電車 駅名穴埋めクイズ

Click here to take the quiz!

General Stats

  • This quiz has been taken 70 times
  • The average score is 8 of 11

Answers on the Map

Answers color-coded by a green-red scale on the quiz's map according to % correct below.
 

Answer Stats

Answer% Correct
箱根登山電車OH51箱根湯本
98%
箱根登山電車OH47小田原
96%
箱根登山電車OH57強羅
95%
箱根登山電車OH49風祭
81%
箱根登山電車OH56彫刻の森
79%
箱根登山電車OH48箱根板橋
70%
箱根登山電車OH53大平台
70%
箱根登山電車OH55小涌谷
68%
箱根登山電車OH50入生田
65%
箱根登山電車OH52塔ノ沢
54%
箱根登山電車OH54宮ノ下
54%

Score Distribution

Percentile by Number Answered

Percent of People with Each Score

Your Score History

You have not taken this quiz